|
|
|
|
| LEADER |
01589nam a2200301 a 4500 |
| 001 |
15307921 |
| 008 |
110302s2009 nyua b 001 0 eng d |
| 010 |
|
|
|a 2008023313
|
| 020 |
|
|
|a 9780071543736 (alk. paper)
|
| 020 |
|
|
|a 0071543732 (alk. paper)
|
| 040 |
|
|
|a DLC
|c DLC
|d BTCTA
|d BAKER
|d YDXCP
|d JED
|d C#P
|d BWX
|d VP@
|d DLC
|d BD-DhAAL
|
| 082 |
0 |
0 |
|a 629.22/93
|2 22
|
| 100 |
1 |
|
|a Leitman, Seth.
|
| 245 |
1 |
0 |
|a Build your own electric vehicle /
|c Seth Leitman, Bob Brant.
|
| 250 |
|
|
|a 2nd ed.
|
| 260 |
|
|
|a New York :
|b McGraw-Hill,
|c c2009.
|
| 300 |
|
|
|a xx, 329 p. :
|b ill. ;
|c 24 cm.
|
| 504 |
|
|
|a Includes bibliographical references and index.
|
| 505 |
0 |
|
|a Why electric vehicles are still right for today! -- Electric vehicles save the environment and energy -- Electric vehicle history -- The best electric vehicle for you -- Chassis and design -- Electric motors -- The controller -- Batteries -- The charger and electrical system -- Electric vehicle conversion -- Maximize your electric vehicle enjoyment -- Sources.
|
| 500 |
|
|
|a Rev. ed. of: Build your own electric vehicle / Bob Brant. c1994.
|
| 541 |
1 |
|
|e 00022001
|
| 650 |
|
0 |
|a Electric vehicles
|x Design and construction
|v Amateurs' manuals.
|
| 650 |
|
0 |
|a Automobiles, Home-built.
|
| 700 |
1 |
|
|a Brant, Bob.
|
| 700 |
1 |
|
|a Brant, Bob.
|t Build your own electric vehicle.
|
| 852 |
4 |
|
|a Ayesha Abed Library
|j General shelf
|
| 999 |
|
|
|c 10493
|d 10493
|
| 952 |
|
|
|0 0
|1 0
|2 ddc
|4 0
|6 629_229300000000000_LEI
|7 0
|9 14516
|a BRACUL
|b BRACUL
|c GEN
|d 2011-03-02
|e Karim International
|g 2160.00
|l 7
|m 61
|o 629.2293 LEI
|p 3010022001
|r 2025-10-12
|s 2025-06-22
|t 1
|w 2011-03-02
|y BK
|